=LDR 00000nam 2200000 4500 =001 INLIS000000000053486 =005 20181018021232 =035 ##$$a 0010-1018000101 =245 1#$$a OFFICE IDIOTS : $b Yang Harus Dilakukan Bila Tempat Kerja Anda Merupakan Tempat Yung Buruk /$c Ken Lloyd, Ph. D =100 #$$a Ken Lloyd =250 ##$$a Ed. 1 =300 ##$$a 270 hlm ; $c 14x21 cm =260 ##$$a Jakarta :$b PT. Elex Media Komputindo,$c 2014 =082 ##$$a 651.3 =084 ##$$a 651.3 KEN o =020 ##$$a 978-1-60163-268-5 =650 ##$$a Manajemen Perkantoran